The Strokes Lyrics - Gratisfaction - Statistics

General Stats
  • This quiz has been taken 15 times
  • The average score is 166 of 271
Answer Stats
Lyrics % Correct
a
100%
but
100%
But
100%
do
100%
I
100%
Oh
100%
the
100%
"The
100%
to
100%
you
100%
You
100%
b-baby,
88%
go
88%
remember
88%
she
88%
She
88%
so
88%
up
88%
We
88%
we
88%
And
75%
and
75%
barely
75%
be
75%
December
75%
don't
75%
get
75%
Get
75%
gonna
75%
it
75%
it's
75%
love
75%
my
75%
never
75%
No
75%
not
75%
of
75%
on
75%
that
75%
they
75%
thing
75%
when
75%
you're
75%
are
63%
As
63%
as
63%
can
63%
eyes
63%
for
63%
good
63%
He
63%
hear
63%
her
63%
in
63%
mad
63%
me
63%
only
63%
run
63%
too
63%
actually
50%
because
50%
becuase
50%
day
50%
days
50%
done
50%
down
50%
morning
50%
out
50%
play
50%
realize
50%
recognize
50%
said
50%
sand
50%
tries
50%
You'll
50%
abuse
38%
adventure
38%
All
38%
all
38%
another
38%
back
38%
can't
38%
could
38%
fight
38%
friends
38%
gone
38%
His
38%
his
38%
is
38%
lonely
38%
long
38%
man"
38%
saw
38%
solution,
38%
starting
38%
That's
38%
them
38%
think
38%
'til
38%
tired
38%
tough
38%
with
38%
again
25%
alleyway
25%
always
25%
business
25%
enjoy
25%
failures
25%
far
25%
frustrated
25%
got
25%
have
25%
here
25%
life
25%
luck,
25%
mention
25%
mouth
25%
necessity
25%
nose
25%
now
25%
other
25%
people's
25%
punched
25%
quick
25%
revolution
25%
she's
25%
shout
25%
some
25%
sticking
25%
take
25%
tears
25%
their
25%
this
25%
verge
25%
Without
25%
years
25%
about
13%
around
13%
Best
13%
dark
13%
light
13%
may
13%
roll
13%
soldier
13%
sun
13%
thousand
13%
Well
13%
No matching quizzes found
Score Distribution
Percent of People with Each Score
Percentile by Number Answered
Your Score History
You have not taken this quiz